Podróż po świecie-QUIZ geoliptyczny#2 - Statystyki

Ogólne statystyki
  • Ten quiz został rozwiązany 151 razy
  • Średni wynik to 9 z 20
Statystyki odpowiedzi
Kierunek Odpowiedź % Poprawnych
Zaczynasz W Belgii poludnie Francja
100%
Poludniowy Wschód Włochy
89%
Wschod Słowenia
77%
Polnoc Węgry
71%
Polnoc Polska
66%
PÓŁNOCNY wschód Białoruś
65%
polnoc Czechy
65%
Wschod Rosja
65%
Poludniowy wschod Korea Północna
42%
Zachod Chiny
41%
Południowy Zchód Pakistan
29%
ZAchod Afganistan
28%
Północny zachod Turkmenistan
24%
Południe Iran
22%
Zachód Irak
21%
Południowy wschód Arabia Saudyjska
19%
Północny zachód Jordania
18%
Zachód Egipt
17%
ZAchod Izrael
17%
Południe Sudan
17%
Nie znaleziono quizów pasujących do podanych kryteriów
Rozkład punktacji
Procent ludzi z każdym wynikiem
Percentyl według liczby udzielonych odpowiedzi
Twoja historia wyników
Nie rozwiązałeś tego quizu